<?xml version="1.0" encoding="UTF-8"?>
<collection xmlns="http://www.loc.gov/MARC21/slim">
 <record>
  <leader>00490pamaa2200157   4500</leader>
  <controlfield tag="001">0000030016</controlfield>
  <controlfield tag="005">20060515090000.0</controlfield>
  <datafield tag="020" ind1="0" ind2="0">
   <subfield code="a">0074707795 </subfield>
  </datafield>
  <datafield tag="082" ind1=" " ind2=" ">
   <subfield code="a">332.63221 LAL 2000</subfield>
  </datafield>
  <datafield tag="090" ind1="0" ind2="0">
   <subfield code="a">HG4028.V3 </subfield>
   <subfield code="b">LAL 2000</subfield>
  </datafield>
  <datafield tag="100" ind1="1" ind2="0">
   <subfield code="a">LALLY </subfield>
  </datafield>
  <datafield tag="245" ind1="1" ind2="4">
   <subfield code="a">The Cost of equity capital and its estimation : </subfield>
   <subfield code="b">vol. III  </subfield>
   <subfield code="c">Martin T. Lally.</subfield>
  </datafield>
  <datafield tag="260" ind1="0" ind2="0">
   <subfield code="a">Sydney: </subfield>
   <subfield code="b">McGraw Hill, </subfield>
   <subfield code="c">2000.</subfield>
  </datafield>
  <datafield tag="300" ind1=" " ind2=" ">
   <subfield code="a">vi, 69p.; </subfield>
   <subfield code="c">24cm.</subfield>
  </datafield>
  <datafield tag="650" ind1="0" ind2="0">
   <subfield code="a">Corporations -- </subfield>
   <subfield code="x">Valuation -- </subfield>
   <subfield code="z">Australia </subfield>
  </datafield>
  <datafield tag="650" ind1="0" ind2="0">
   <subfield code="a">Stocks -- </subfield>
   <subfield code="x">taxation -- </subfield>
   <subfield code="z">Australia </subfield>
  </datafield>
 </record>
</collection>
